Austronesian Languages - Sudden Death - Statistics

General Stats
  • This quiz has been taken 58 times
  • The average score is 8 of 30
Answers on the Grid
Answers color-coded by a green-red scale on the quiz's grid according to % correct below.
Malagasy
Cebuano
Ilocano
Filipino
Indonesian
Maori
Tetum
Javanese
Kosrean
Chuukese
Hiligaynon
Madurese
Sundanese
Malay
Acehnese
Balinese
Fijian
Hiri Motu
Marshallese
Tuvaluan
Gilbertese
Carolinian
Chamorro
Kanak
Niuean
Samoan
Tobian
Tokelauan
Sonsorolese
Rapa Nui
Zealandish
Micronesian
Guamese
Japanese
Vietnamese
Bruneian
Papuan
Bislama
Fiji Hindi
Mauritian
Comorian
Seychellois
New Guinean
Panaynon
Negrosnon
Manilanese
Marianalese
Iki Tonga
Sulawesian
Khmer
Burmese
Taiwanese
Norfolkese
Northian
Wallisanese
Langue Futuna
Denpasaran
Borneon
Southern Malagasy
IziMadagasy
 
Answer Stats
Answer % Correct
Malay
44%
Marshallese
41%
Fijian
37%
Maori
37%
Tokelauan
37%
Samoan
33%
Tuvaluan
33%
Acehnese
30%
Balinese
30%
Carolinian
30%
Cebuano
30%
Hiri Motu
30%
Indonesian
30%
Javanese
30%
Malagasy
30%
Filipino
26%
Madurese
26%
Rapa Nui
26%
Sundanese
26%
Kanak
22%
Niuean
22%
Tetum
22%
Chuukese
19%
Gilbertese
19%
Ilocano
19%
Chamorro
15%
Hiligaynon
15%
Kosrean
15%
Sonsorolese
11%
Tobian
11%
No matching quizzes found
Score Distribution
Percent of People with Each Score
Percentile by Number Answered
Your Score History
You have not taken this quiz